000 00579cam a2200145 4500500
005 20251228093405.0
041 _afre
042 _adc
100 1 0 _aNivat, Georges
_eauthor
245 0 0 _aJeffrey BROOKS Thank you, comrade Stalin! Soviet culture from revolution to Cold War Princeton, NJ, Princeton University Press, 2000, 319 p.
260 _c2003.
500 _a35
786 0 _nCahiers du monde russe | Vol 44 | 4 | 2003-11-01 | p. 687x-800x | 1252-6576
856 4 1 _uhttps://shs.cairn.info/revue-cahiers-du-monde-russe-2003-4-page-687x?lang=fr&redirect-ssocas=7080
999 _c1604248
_d1604248